[Event "Stay Safe Play From Home 275"]
[Site "Emanuel Lasker Arena"]
[Date "2020.07.03"]
[Round "2"]
[White "Trotsky"]
[Black "Buzaglo"]
[Result "0-1"]
[WhiteElo "1621"]
[BlackElo "1945"]
[PlyCount "80"]
[EventDate "2020.07.03"]
[EventType "swiss (blitz)"]

1. d4 {[%emt 0:00:01]} e6 {[%emt 0:00:00]} 2. e3 {[%emt 0:00:01]} d5 {[%emt 0:00:00]} 3. c4 {[%emt 0:00:01]} Nf6 {[%emt 0:00:00]} 4. Nc3 {[%emt 0:00:01]} c5 {[%emt 0:00:01]} 5. Nf3 {[%emt 0:00:01]} cxd4 {[%emt 0:00:01]} 6. exd4 {[%emt 0:00:01]} Bb4 {[%emt 0:00:01]} 7. Be3 {[%emt 0:00:01]} O-O {[%emt 0:00:02]} 8. c5 {[%emt 0:00:01]} b6 {[%emt 0:00:01]} 9. Qc2 {[%emt 0:00:01]} bxc5 {[%emt 0:00:01]} 10. Bd3 {[%emt 0:00:01]} cxd4 {[%emt 0:00:02]} 11. Bxd4 {[%emt 0:00:01]} g6 {[%emt 0:00:01]} 12. h4 {[%emt 0:00:02]} Nc6 {[%emt 0:00:03]} 13. Bxf6 {[%emt 0:00:02]} Qxf6 {[%emt 0:00:01]} 14. O-O-O {[%emt 0:00:02]} Bxc3 {[%emt 0:00:01]} 15. bxc3 {[%emt 0:00:01]} Ne5 {[%emt 0:00:01]} 16. Ng5 {[%emt 0:00:01]} Nxd3+ {[%emt 0:00:01]} 17. Rxd3 {[%emt 0:00:01]} h6 {[%emt 0:00:01]} 18. Rdh3 {[%emt 0:00:02]} Qf4+ {[%emt 0:00:02]} 19. Kb1 {[%emt 0:00:02]} h5 {[%emt 0:00:01]} 20. g3 {[%emt 0:00:02]} Qf5 {[%emt 0:00:03]} 21. f3 {[%emt 0:00:03]} Qxc2+ {[%emt 0:00:01]} 22. Kxc2 {[%emt 0:00:01]} e5 {[%emt 0:00:00]} 23. g4 {[%emt 0:00:01]} hxg4 {[%emt 0:00:02]} 24. fxg4 {[%emt 0:00:02]} Bxg4 {[%emt 0:00:00]} 25. Rg3 {[%emt 0:00:01]} Bh5 {[%emt 0:00:01]} 26. Rhg1 {[%emt 0:00:02]} e4 {[%emt 0:00:01]} 27. Nh3 {[%emt 0:00:03]} a5 {[%emt 0:00:01]} 28. Rg5 {[%emt 0:00:01]} Kh7 {[%emt 0:00:01]} 29. Nf4 {[%emt 0:00:02]} Bf3 {[%emt 0:00:02]} 30. h5 {[%emt 0:00:03]} Rh8 {[%emt 0:00:02]} 31. hxg6+ {[%emt 0:00:01]} Kg7 {[%emt 0:00:02]} 32. gxf7+ {[%emt 0:00:02]} Kxf7 {[%emt 0:00:00]} 33. Rg7+ {[%emt 0:00:02]} Ke8 {[%emt 0:00:01]} 34. Nxd5 {[%emt 0:00:04]} Kf8 {[%emt 0:00:01]} 35. Re7 {[%emt 0:00:02]} Rh2+ {[%emt 0:00:02]} 36. Kb3 {[%emt 0:00:02]} Rb8+ {[%emt 0:00:00]} 37. Ka3 {[%emt 0:00:02]} Rbb2 {[%emt 0:00:03]} 38. Ka4 {[%emt 0:00:02]} Rxa2+ {[%emt 0:00:01]} 39. Kb5 {[%emt 0:00:01]} Rhb2+ {[%emt 0:00:03] '} 40. Kc6 {[%emt 0:00:01]} Rb6+ {[%emt 0:00:02] Âðåìÿ (Lag: Av=0.44s, max=0.7s)} 0-1

[Event "Stay Safe Play From Home 275"]
[Site "Emanuel Lasker Arena"]
[Date "2020.07.03"]
[Round "2"]
[White "Klasman"]
[Black "The Next Contender"]
[Result "0-1"]
[WhiteElo "1355"]
[BlackElo "1979"]
[PlyCount "46"]
[EventDate "2020.07.03"]
[EventType "swiss (blitz)"]

1. f4 {[%emt 0:00:04]} d5 {[%emt 0:00:00]} 2. e3 {[%emt 0:00:01]} c5 {[%emt 0:00:00]} 3. Nf3 {[%emt 0:00:01]} e6 {[%emt 0:00:00]} 4. Bb5+ {[%emt 0:00:01]} Bd7 {[%emt 0:00:02]} 5. Qe2 {[%emt 0:00:01]} a6 {[%emt 0:00:01]} 6. Bxd7+ {[%emt 0:00:03]} Nxd7 {[%emt 0:00:00]} 7. O-O {[%emt 0:00:01]} g6 {[%emt 0:00:02]} 8. c4 {[%emt 0:00:01]} Bg7 {[%emt 0:00:01]} 9. cxd5 {[%emt 0:00:02]} exd5 {[%emt 0:00:00]} 10. Nc3 {[%emt 0:00:01]} Ne7 {[%emt 0:00:01]} 11. d4 {[%emt 0:00:01]} c4 {[%emt 0:00:02]} 12. e4 {[%emt 0:00:05]} dxe4 {[%emt 0:00:02]} 13. Nxe4 {[%emt 0:00:01]} O-O {[%emt 0:00:01]} 14. Qxc4 {[%emt 0:00:02]} Rc8 {[%emt 0:00:03]} 15. Qd3 {[%emt 0:00:02]} Nf6 {[%emt 0:00:01]} 16. Nxf6+ {[%emt 0:00:02]} Bxf6 {[%emt 0:00:00]} 17. Ne5 {[%emt 0:00:01]} Nf5 {[%emt 0:00:01]} 18. Be3 {[%emt 0:00:05]} Re8 {[%emt 0:00:04]} 19. Rac1 {[%emt 0:00:03]} Rxc1 {[%emt 0:00:02]} 20. Rxc1 {[%emt 0:00:02]} Bxe5 {[%emt 0:00:00]} 21. fxe5 {[%emt 0:00:04]} Rxe5 {[%emt 0:00:00]} 22. Bf4 {[%emt 0:00:07]} Rd5 {[%emt 0:00:02]} 23. Be5 {[%emt 0:00:02]} Nxd4 {[%emt 0:00:01] Time (Lag: Av=0.44s, max=0.5s)} 0-1

[Event "Stay Safe Play From Home 275"]
[Site "Emanuel Lasker Arena"]
[Date "2020.07.03"]
[Round "3"]
[White "Broken sword"]
[Black "Uber_WING"]
[Result "1-0"]
[WhiteElo "2471"]
[BlackElo "2412"]
[Annotator "RC"]
[PlyCount "141"]
[EventDate "2020.07.03"]
[EventType "swiss (blitz)"]

1. e4 {[%emt 0:00:01]} d5 {[%emt 0:00:01]} 2. exd5 {[%emt 0:00:01]} Qxd5 {[%emt 0:00:00]} 3. Nf3 {[%emt 0:00:00]} Qd6 {[%emt 0:00:00]} 4. d4 {[%emt 0:00:01]} Nf6 {[%emt 0:00:00]} 5. Be2 {[%emt 0:00:01]} a6 {[%emt 0:00:00]} 6. h3 {[%emt 0:00:01]} Nc6 {[%emt 0:00:00]} 7. O-O {[%emt 0:00:00]} Bf5 {[%emt 0:00:01]} 8. c3 {[%emt 0:00:01]} e6 {[%emt 0:00:00]} 9. Bg5 {[%emt 0:00:01]} Be7 {[%emt 0:00:00]} 10. Bh4 {[%emt 0:00:00]} O-O {[%emt 0:00:01]} 11. Nbd2 {[%emt 0:00:01]} Bg6 {[%emt 0:00:02]} 12. Bg3 {[%emt 0:00:01]} Qd7 {[%emt 0:00:01]} 13. Re1 {[%emt 0:00:03]} Rfe8 {[%emt 0:00:01]} 14. Nc4 {[%emt 0:00:01]} Bf8 {[%emt 0:00:01]} 15. Nce5 {[%emt 0:00:01]} Nxe5 {[%emt 0:00:01]} 16. Nxe5 {[%emt 0:00:00]} Qd8 {[%emt 0:00:00]} 17. Bf3 {[%emt 0:00:00]} Nd5 {[%emt 0:00:02]} 18. Qb3 {[%emt 0:00:01]} b5 {[%emt 0:00:03]} 19. a4 {[%emt 0:00:01]} bxa4 {[%emt 0:00:04]} 20. Qxa4 {[%emt 0:00:00]} Bd6 {[%emt 0:00:11]} 21. Nxg6 {[%emt 0:00:05]} hxg6 {[%emt 0:00:01]} 22. Bxd5 {[%emt 0:00:00]} exd5 {[%emt 0:00:01]} 23. Bxd6 {[%emt 0:00:04]} Rxe1+ {[%emt 0:00:02]} 24. Rxe1 {[%emt 0:00:00]} Qxd6 {[%emt 0:00:01]} 25. Re5 {[%emt 0:00:01]} f6 {[%emt 0:00:02]} 26. Re3 {[%emt 0:00:01]} Rd8 {[%emt 0:00:02]} 27. Qa5 {[%emt 0:00:05]} Kf7 {[%emt 0:00:02]} 28. Qa4 {[%emt 0:00:01]} Rd7 {[%emt 0:00:01]} 29. Qc2 {[%emt 0:00:02]} Re7 {[%emt 0:00:01]} 30. Rg3 {[%emt 0:00:00]} g5 {[%emt 0:00:01]} 31. Re3 {[%emt 0:00:02]} Rxe3 {[%emt 0:00:01]} 32. fxe3 {[%emt 0:00:00]} Qg3 {[%emt 0:00:00]} 33. Qe2 {[%emt 0:00:01]} Ke6 {[%emt 0:00:01]} 34. e4 {[%emt 0:00:01]} dxe4 {[%emt 0:00:03]} 35. Qxe4+ {[%emt 0:00:00]} Kd7 {[%emt 0:00:01]} 36. d5 {[%emt 0:00:01]} Qe5 {[%emt 0:00:01]} 37. Qd3 {[%emt 0:00:01]} Kd6 {[%emt 0:00:01]} 38. c4 {[%emt 0:00:01]} Qxb2 {[%emt 0:00:01]} 39. Qg3+ {[%emt 0:00:00]} Qe5 {[%emt 0:00:01]} 40. Qa3+ {[%emt 0:00:00]} Kd7 {[%emt 0:00:02]} 41. Qxa6 {[%emt 0:00:01]} Qd4+ {[%emt 0:00:00]} 42. Kf1 {[%emt 0:00:01]} Qe5 {[%emt 0:00:00]} 43. Qb5+ {[%emt 0:00:01]} Kd8 {[%emt 0:00:01]} 44. Qc6 {[%emt 0:00:00]} Qf4+ {[%emt 0:00:00]} 45. Ke2 {[%emt 0:00:00]} Qd6 {[%emt 0:00:00]} 46. Qa8+ {[%emt 0:00:01]} Ke7 {[%emt 0:00:01]} 47. Qa4 {[%emt 0:00:00]} Qe5+ {[%emt 0:00:00]} 48. Kd3 {[%emt 0:00:00]} Kf7 {[%emt 0:00:00]} 49. Qc6 {[%emt 0:00:01]} Kg6 {[%emt 0:00:00]} 50. c5 {[%emt 0:00:01]} Qf5+ {[%emt 0:00:00]} 51. Kc4 {[%emt 0:00:01]} Qf4+ {[%emt 0:00:00]} 52. Kb5 {[%emt 0:00:00]} g4 {[%emt 0:00:00]} 53. hxg4 {[%emt 0:00:01]} Qxg4 {[%emt 0:00:00]} 54. d6 {[%emt 0:00:00]} Qd1 {[%emt 0:00:00]} 55. Ka6 {[%emt 0:00:01]} Qe2+ {[%emt 0:00:00]} 56. Kb7 {[%emt 0:00:01]} cxd6 {[%emt 0:00:00]} 57. cxd6 {[%emt 0:00:00]} Qb2+ {[%emt 0:00:00]} 58. Kc7 {[%emt 0:00:01]} Qe5 {[%emt 0:00:01]} 59. Kc8 {[%emt 0:00:01]} Kf7 {[%emt 0:00:00]} 60. d7 {[%emt 0:00:00]} Qe7 {[%emt 0:00:00]} 61. Kc7 {[%emt 0:00:00]} Qd8+ {[%emt 0:00:00]} 62. Kxd8 {[%emt 0:00:01]} g5 {[%emt 0:00:00]} 63. Qd6 {[%emt 0:00:00]} Kg6 {[%emt 0:00:00]} 64. Kc8 {[%emt 0:00:00]} g4 {[%emt 0:00:00]} 65. d8=Q {[%emt 0:00:00]} Kg5 {[%emt 0:00:00]} 66. Qe8 {[%emt 0:00:00]} Kh4 {[%emt 0:00:01]} 67. Qxf6+ {[%emt 0:00:01]} Kg3 {[%emt 0:00:00]} 68. Qe3+ {[%emt 0:00:01]} Kh2 {[%emt 0:00:00]} 69. Qff4+ {[%emt 0:00:01]} Kxg2 {[%emt 0:00:00]} 70. Qfg3+ {[%emt 0:00:01]} Kh1 {[%emt 0:00:00]} 71. Qeg1# {[%emt 0:00:00] (Lag: Av=0.32s, max=1.2s)} 1-0

[Event "Stay Safe Play From Home 275"]
[Site "Emanuel Lasker Arena"]
[Date "2020.07.03"]
[Round "3"]
[White "BrainThinker22"]
[Black "AChessPlayer"]
[Result "0-1"]
[WhiteElo "2406"]
[BlackElo "2440"]
[Annotator "NA"]
[PlyCount "70"]
[EventDate "2020.07.03"]
[EventType "swiss (blitz)"]

1. e4 {[%emt 0:00:02]} c6 {[%emt 0:00:00]} 2. d4 {[%emt 0:00:02]} d5 {[%emt 0:00:00]} 3. exd5 {[%emt 0:00:00]} cxd5 {[%emt 0:00:00]} 4. c4 {[%emt 0:00:00]} Nc6 {[%emt 0:00:00]} 5. Nf3 {[%emt 0:00:01]} Nf6 {[%emt 0:00:01]} 6. Nc3 {[%emt 0:00:01]} e6 {[%emt 0:00:01]} 7. cxd5 {[%emt 0:00:01]} exd5 {[%emt 0:00:01]} 8. Bd3 {[%emt 0:00:00] BrainThinker22 offers a draw} Be7 {[%emt 0:00:01]} 9. h3 {[%emt 0:00:01]} O-O {[%emt 0:00:00]} 10. O-O {[%emt 0:00:00]} Re8 {[%emt 0:00:00]} 11. Re1 {[%emt 0:00:00]} h6 {[%emt 0:00:00]} 12. Bf4 {[%emt 0:00:01]} Be6 {[%emt 0:00:01]} 13. Qd2 {[%emt 0:00:01]} a6 {[%emt 0:00:00]} 14. a3 {[%emt 0:00:00]} Bf8 {[%emt 0:00:00]} 15. Rac1 {[%emt 0:00:01]} Na5 {[%emt 0:00:00]} 16. Ne5 {[%emt 0:00:01]} Nb3 {[%emt 0:00:01]} 17. Qc2 {[%emt 0:00:00]} Nxc1 {[%emt 0:00:00]} 18. Rxc1 {[%emt 0:00:00]} Rc8 {[%emt 0:00:00]} 19. Qd2 {[%emt 0:00:01]} Nd7 {[%emt 0:00:02]} 20. Nf3 {[%emt 0:00:01]} Nb6 {[%emt 0:00:03]} 21. Re1 {[%emt 0:00:01]} Nc4 {[%emt 0:00:01]} 22. Bxc4 {[%emt 0:00:00]} Rxc4 {[%emt 0:00:02]} 23. Ne5 {[%emt 0:00:01]} Rc8 {[%emt 0:00:02]} 24. Nd3 {[%emt 0:00:01]} Bd6 {[%emt 0:00:01]} 25. Be3 {[%emt 0:00:01]} Bf5 {[%emt 0:00:01]} 26. Nc1 {[%emt 0:00:02]} Bb8 {[%emt 0:00:02]} 27. Nb3 {[%emt 0:00:01]} Qd6 {[%emt 0:00:01]} 28. g3 {[%emt 0:00:02]} Bxh3 {[%emt 0:00:01]} 29. Nc5 {[%emt 0:00:01]} Qe7 {[%emt 0:00:02]} 30. Kh2 {[%emt 0:00:02]} Bg4 {[%emt 0:00:01]} 31. Nd3 {[%emt 0:00:01]} Qf6 {[%emt 0:00:01]} 32. Ne5 {[%emt 0:00:04]} Bxe5 {[%emt 0:00:02]} 33. dxe5 {[%emt 0:00:00]} Qxe5 {[%emt 0:00:00]} 34. Kg2 {[%emt 0:00:04]} Qh5 {[%emt 0:00:01]} 35. Kg1 {[%emt 0:00:01]} Bf3 {[%emt 0:00:01] BrainThinker22 resigns (Lag: Av=0.87s, max=3.1s)} 0-1

[Event "Stay Safe Play From Home 275"]
[Site "Emanuel Lasker Arena"]
[Date "2020.07.03"]
[Round "3"]
[White "The Next Contender"]
[Black "Lamborghini"]
[Result "1-0"]
[WhiteElo "1980"]
[BlackElo "2272"]
[PlyCount "81"]
[EventDate "2020.07.03"]
[EventType "swiss (blitz)"]

1. d4 {[%emt 0:00:01]} Nf6 {[%emt 0:00:01]} 2. c4 {[%emt 0:00:00]} g6 {[%emt 0:00:00]} 3. g3 {[%emt 0:00:01]} Bg7 {[%emt 0:00:00]} 4. Bg2 {[%emt 0:00:00]} O-O {[%emt 0:00:00]} 5. e4 {[%emt 0:00:00]} c6 {[%emt 0:00:00]} 6. Ne2 {[%emt 0:00:00]} d6 {[%emt 0:00:00]} 7. O-O {[%emt 0:00:00]} a6 {[%emt 0:00:01]} 8. f4 {[%emt 0:00:00]} b5 {[%emt 0:00:01]} 9. e5 {[%emt 0:00:01]} Ne8 {[%emt 0:00:01]} 10. cxb5 {[%emt 0:00:01]} axb5 {[%emt 0:00:01]} 11. Nbc3 {[%emt 0:00:00]} b4 {[%emt 0:00:01]} 12. Nb5 {[%emt 0:00:01]} Qb6 {[%emt 0:00:02]} 13. a4 {[%emt 0:00:09]} Ba6 {[%emt 0:00:03]} 14. Qd3 {[%emt 0:00:01]} Nd7 {[%emt 0:00:01]} 15. Be3 {[%emt 0:00:02]} cxb5 {[%emt 0:00:01]} 16. Bxa8 {[%emt 0:00:02]} bxa4 {[%emt 0:00:02]} 17. Qd2 {[%emt 0:00:01]} Nc7 {[%emt 0:00:03]} 18. d5 {[%emt 0:00:02]} Rxa8 {[%emt 0:00:02]} 19. Bxb6 {[%emt 0:00:01]} Nxb6 {[%emt 0:00:00]} 20. exd6 {[%emt 0:00:01]} exd6 {[%emt 0:00:01]} 21. Rfe1 {[%emt 0:00:01]} Bxe2 {[%emt 0:00:02]} 22. Rxe2 {[%emt 0:00:01]} Ncxd5 {[%emt 0:00:01]} 23. Rae1 {[%emt 0:00:01]} Nf6 {[%emt 0:00:02]} 24. Qxb4 {[%emt 0:00:01]} Nbd5 {[%emt 0:00:01]} 25. Qxd6 {[%emt 0:00:01]} h5 {[%emt 0:00:01]} 26. h3 {[%emt 0:00:01]} a3 {[%emt 0:00:03]} 27. bxa3 {[%emt 0:00:01]} Kh7 {[%emt 0:00:01]} 28. Rd2 {[%emt 0:00:01]} Nc3 {[%emt 0:00:03]} 29. Re7 {[%emt 0:00:02]} Nce4 {[%emt 0:00:01]} 30. Qd3 {[%emt 0:00:05]} Nxd2 {[%emt 0:00:01]} 31. Qxd2 {[%emt 0:00:00]} Rxa3 {[%emt 0:00:01]} 32. Rxf7 {[%emt 0:00:01]} Rxg3+ {[%emt 0:00:02]} 33. Kh2 {[%emt 0:00:01]} Rf3 {[%emt 0:00:01]} 34. Qd7 {[%emt 0:00:01]} Ne8 {[%emt 0:00:03]} 35. Qxe8 {[%emt 0:00:02]} Rf2+ {[%emt 0:00:01]} 36. Kg3 {[%emt 0:00:01]} Kh6 {[%emt 0:00:00]} 37. Kxf2 {[%emt 0:00:02]} h4 {[%emt 0:00:00]} 38. Qg8 {[%emt 0:00:01]} Bd4+ {[%emt 0:00:02]} 39. Kf3 {[%emt 0:00:01]} Bg7 {[%emt 0:00:01]} 40. Qxg7+ {[%emt 0:00:01]} Kh5 {[%emt 0:00:01]} 41. Qh7# {[%emt 0:00:00] (Lag: Av=0.40s, max=0.7s)} 1-0

[Event "Stay Safe Play From Home 275"]
[Site "Emanuel Lasker Arena"]
[Date "2020.07.03"]
[Round "3"]
[White "Buzaglo"]
[Black "Mepe_Nika"]
[Result "1-0"]
[WhiteElo "1949"]
[BlackElo "2355"]
[PlyCount "117"]
[EventDate "2020.07.03"]
[EventType "swiss (blitz)"]

1. d4 {[%emt 0:00:01]} d6 {[%emt 0:00:00]} 2. Nf3 {[%emt 0:00:00]} g6 {[%emt 0:00:00]} 3. g3 {[%emt 0:00:00]} Bg7 {[%emt 0:00:00]} 4. Bg2 {[%emt 0:00:00]} Nf6 {[%emt 0:00:00]} 5. O-O {[%emt 0:00:00]} O-O {[%emt 0:00:00]} 6. c4 {[%emt 0:00:00]} c5 {[%emt 0:00:00]} 7. Nc3 {[%emt 0:00:00]} cxd4 {[%emt 0:00:00]} 8. Nxd4 {[%emt 0:00:00]} Nc6 {[%emt 0:00:01]} 9. Nf3 {[%emt 0:00:00]} Bd7 {[%emt 0:00:02]} 10. Re1 {[%emt 0:00:01]} Rb8 {[%emt 0:00:01]} 11. e4 {[%emt 0:00:01]} a6 {[%emt 0:00:00]} 12. e5 {[%emt 0:00:01]} Nxe5 {[%emt 0:00:01]} 13. Nxe5 {[%emt 0:00:00]} dxe5 {[%emt 0:00:00]} 14. Rxe5 {[%emt 0:00:01]} Be6 {[%emt 0:00:01]} 15. Qxd8 {[%emt 0:00:01]} Rfxd8 {[%emt 0:00:00]} 16. Bf4 {[%emt 0:00:02]} Bxc4 {[%emt 0:00:02]} 17. Rc5 {[%emt 0:00:01]} Be6 {[%emt 0:00:03]} 18. Bxb8 {[%emt 0:00:01]} Rxb8 {[%emt 0:00:00]} 19. Rc7 {[%emt 0:00:02]} b5 {[%emt 0:00:01]} 20. Rb7 {[%emt 0:00:01]} Rxb7 {[%emt 0:00:01]} 21. Bxb7 {[%emt 0:00:02]} b4 {[%emt 0:00:00]} 22. Ne2 {[%emt 0:00:02]} a5 {[%emt 0:00:01]} 23. Nd4 {[%emt 0:00:02]} Bd5 {[%emt 0:00:02]} 24. Bxd5 {[%emt 0:00:01]} Nxd5 {[%emt 0:00:00]} 25. Nc6 {[%emt 0:00:00]} Bxb2 {[%emt 0:00:03]} 26. Rd1 {[%emt 0:00:01]} Nc3 {[%emt 0:00:02]} 27. Rd8+ {[%emt 0:00:03]} Kg7 {[%emt 0:00:01]} 28. Nxe7 {[%emt 0:00:01]} Nxa2 {[%emt 0:00:01]} 29. Ra8 {[%emt 0:00:02]} Bf6 {[%emt 0:00:04]} 30. Nd5 {[%emt 0:00:02]} Nc3 {[%emt 0:00:08]} 31. Nxf6 {[%emt 0:00:02]} Kxf6 {[%emt 0:00:01]} 32. Rxa5 {[%emt 0:00:00]} b3 {[%emt 0:00:01]} 33. Ra6+ {[%emt 0:00:02]} Ke5 {[%emt 0:00:01]} 34. Rb6 {[%emt 0:00:00]} Ne2+ {[%emt 0:00:01]} 35. Kg2 {[%emt 0:00:01]} Nd4 {[%emt 0:00:00]} 36. Rb7 {[%emt 0:00:02]} Ke6 {[%emt 0:00:03]} 37. f4 {[%emt 0:00:02]} h5 {[%emt 0:00:01]} 38. h3 {[%emt 0:00:01]} f6 {[%emt 0:00:01]} 39. Kf2 {[%emt 0:00:01]} Kd5 {[%emt 0:00:01]} 40. Ke3 {[%emt 0:00:01]} Nf5+ {[%emt 0:00:02]} 41. Kd3 {[%emt 0:00:01]} Nxg3 {[%emt 0:00:01]} 42. Rxb3 {[%emt 0:00:01]} Nf5 {[%emt 0:00:00]} 43. Rb5+ {[%emt 0:00:01]} Ke6 {[%emt 0:00:00]} 44. Ra5 {[%emt 0:00:00]} Nd6 {[%emt 0:00:02]} 45. Ra6 {[%emt 0:00:01]} Ke7 {[%emt 0:00:00]} 46. Ke3 {[%emt 0:00:02]} Nf5+ {[%emt 0:00:01]} 47. Kf3 {[%emt 0:00:01]} Kf7 {[%emt 0:00:01]} 48. Ra7+ {[%emt 0:00:02]} Ke6 {[%emt 0:00:01]} 49. Ra6+ {[%emt 0:00:00]} Kf7 {[%emt 0:00:01]} 50. Ra8 {[%emt 0:00:00]} Kg7 {[%emt 0:00:02]} 51. Ra7+ {[%emt 0:00:00]} Kh6 {[%emt 0:00:01]} 52. Kg2 {[%emt 0:00:01]} Nd4 {[%emt 0:00:02]} 53. Kf2 {[%emt 0:00:01]} Ne6 {[%emt 0:00:01]} 54. Ke3 {[%emt 0:00:00]} Nc5 {[%emt 0:00:01]} 55. Ra6 {[%emt 0:00:00]} Nb3 {[%emt 0:00:00]} 56. Ra5 {[%emt 0:00:00]} Nc1 {[%emt 0:00:00]} 57. Ra6 {[%emt 0:00:00]} Nb3 {[%emt 0:00:00]} 58. Ra7 {[%emt 0:00:00]} Nc5 {[%emt 0:00:00]} 59. Ra8 {[%emt 0:00:00] Time} 1-0

[Event "Stay Safe Play From Home 275"]
[Site "Emanuel Lasker Arena"]
[Date "2020.07.03"]
[Round "3"]
[White "Base642019"]
[Black "Haris kollari 13"]
[Result "0-1"]
[WhiteElo "1620"]
[BlackElo "1762"]
[Annotator "NA"]
[PlyCount "46"]
[EventDate "2020.07.03"]
[EventType "swiss (blitz)"]

1. e4 {[%emt 0:00:01]} e6 {[%emt 0:00:00]} 2. d4 {[%emt 0:00:02]} d5 {[%emt 0:00:00]} 3. c4 {[%emt 0:00:01]} dxe4 {[%emt 0:00:01]} 4. Nc3 {[%emt 0:00:00]} f5 {[%emt 0:00:01]} 5. f3 {[%emt 0:00:01]} exf3 {[%emt 0:00:01]} 6. Nxf3 {[%emt 0:00:01]} Nf6 {[%emt 0:00:00]} 7. Bg5 {[%emt 0:00:01]} Be7 {[%emt 0:00:01]} 8. Bd3 {[%emt 0:00:01]} O-O {[%emt 0:00:01]} 9. O-O {[%emt 0:00:00]} Nc6 {[%emt 0:00:01]} 10. Ne2 {[%emt 0:00:02]} Bd7 {[%emt 0:00:01]} 11. b3 {[%emt 0:00:00]} h6 {[%emt 0:00:01]} 12. Qc2 {[%emt 0:00:01]} hxg5 {[%emt 0:00:02]} 13. Nxg5 {[%emt 0:00:01]} Ng4 {[%emt 0:00:02]} 14. Nf4 {[%emt 0:00:02]} Bxg5 {[%emt 0:00:01]} 15. Nxe6 {[%emt 0:00:02]} Bxe6 {[%emt 0:00:01]} 16. Bxf5 {[%emt 0:00:02]} Bxf5 {[%emt 0:00:02]} 17. Rxf5 {[%emt 0:00:01]} Rxf5 {[%emt 0:00:01]} 18. Qxf5 {[%emt 0:00:01]} Nh6 {[%emt 0:00:01]} 19. Qe6+ {[%emt 0:00:03]} Kh8 {[%emt 0:00:02]} 20. d5 {[%emt 0:00:00]} Nd4 {[%emt 0:00:03]} 21. Qh3 {[%emt 0:00:03]} Qf6 {[%emt 0:00:03]} 22. Rf1 {[%emt 0:00:03]} Ne2+ {[%emt 0:00:01]} 23. Kh1 {[%emt 0:00:01]} Qxf1# {[%emt 0:00:01] (Lag: Av=0.71s, max=1.5s)} 0-1

[Event "Stay Safe Play From Home 275"]
[Site "Emanuel Lasker Arena"]
[Date "2020.07.03"]
[Round "3"]
[White "Klasman"]
[Black "Trotsky"]
[Result "0-1"]
[WhiteElo "1354"]
[BlackElo "1616"]
[Annotator "NA"]
[PlyCount "32"]
[EventDate "2020.07.03"]
[EventType "swiss (blitz)"]

1. f4 {[%emt 0:00:02]} d5 {[%emt 0:00:01]} 2. Nf3 {[%emt 0:00:01]} e6 {[%emt 0:00:00]} 3. e3 {[%emt 0:00:01]} c5 {[%emt 0:00:01]} 4. d4 {[%emt 0:00:01]} Nc6 {[%emt 0:00:01]} 5. c4 {[%emt 0:00:01]} Nf6 {[%emt 0:00:01]} 6. Nc3 {[%emt 0:00:01]} a6 {[%emt 0:00:01]} 7. Bd3 {[%emt 0:00:01]} Qc7 {[%emt 0:00:03]} 8. Ne5 {[%emt 0:00:01]} Bd6 {[%emt 0:00:02]} 9. Bd2 {[%emt 0:00:04]} Nxe5 {[%emt 0:00:02]} 10. fxe5 {[%emt 0:00:01]} Bxe5 {[%emt 0:00:01]} 11. dxe5 {[%emt 0:00:01]} Qxe5 {[%emt 0:00:01]} 12. cxd5 {[%emt 0:00:02]} exd5 {[%emt 0:00:02]} 13. O-O {[%emt 0:00:03]} h5 {[%emt 0:00:02]} 14. Qf3 {[%emt 0:00:03]} Be6 {[%emt 0:00:03]} 15. Bf5 {[%emt 0:00:02]} Ng4 {[%emt 0:00:02]} 16. Bxe6 {[%emt 0:00:03]} Qxh2# {[%emt 0:00:01] (Lag: Av=0.30s, max=0.6s)} 0-1

[Event "Stay Safe Play From Home 275"]
[Site "Emanuel Lasker Arena"]
[Date "2020.07.03"]
[Round "4"]
[White "AChessPlayer"]
[Black "Broken sword"]
[Result "1/2-1/2"]
[WhiteElo "2455"]
[BlackElo "2485"]
[Annotator "TA"]
[PlyCount "144"]
[EventDate "2020.07.03"]
[EventType "swiss (blitz)"]

{[%evp 9,144,-9,0,-11,-9,-12,-9,-22,-19,-12,0,-8,0,-10,0,-6,14,-1,9,0,20,14,26,14,28,18,27,29,23,10,22,8,12,0,14,10,18,0,0,-7,0,-8,0,0,0,0,0,-16,-19,-25,-8,-13,-14,-18,-2,-12,-6,-9,0,-13,2,0,7,0,4,6,9,-126,17,16,148,105,325,324,288,306,295,289,329,306,383,374,344,257,367,361,861,531,400,85,82,77,108,-205,6,6,14,0,0,0,0,0,0,0,0,0,0,0,0,0,0,0,12839,12839,12842,0,0,0,0,0,0,0,0,0,0,0,0,0,0,0,0,0,0,-27992,0,0,0]} 1. e3 d5 2. Nf3 c6 3. c3 {[#]} Nf6 $146 ({Predecessor:} 3... d4 4. Nxd4 Bd7 5. b4 e5 6. Nf3 {1-0 (6) Quantin,J (800)-Trodden,D (800) IECG email 2002}) 4. b3 Bf5 5. d4 e6 6. Nbd2 {A06: Réti Opening: 1 Nf3 d5.} Nbd7 7. Bb2 h6 8. c4 Bd6 9. Be2 Qe7 10. O-O O-O 11. Ne5 Rac8 12. Ndf3 Ba3 13. Qc1 Bxb2 14. Qxb2 Be4 15. Rac1 Bxf3 16. Nxf3 Rfd8 17. Rfd1 a6 18. Bd3 Re8 19. Bb1 Rcd8 20. Qc2 g6 21. h4 Kg7 22. g3 e5 23. dxe5 Nxe5 24. Nxe5 Qxe5 25. Kg2 d4 (25... a5 {is more complex.} 26. c5 d4 27. Qb2 h5 28. Rxd4 Rxd4 29. exd4 Qe2) 26. exd4 Rxd4 27. Rxd4 Qxd4 28. Qc3 Qxc3 29. Rxc3 $11 {[%mdl 4096] Endgame KRB-KRN} Re2 30. Rc2 Re1 31. Rb2 h5 32. Bd3 Rd1 33. Be2 Rd6 (33... Rd4 {feels hotter.} 34. b4 Ne4 35. Rc2 Nd6 36. a3 Kf6) 34. Bf3 Re6 35. b4 Nd7 36. b5 cxb5 37. cxb5 Nc5 38. b6 (38. Bd5 $11 Rd6 39. bxa6 bxa6 40. Bc4) 38... Re7 ({Black should play} 38... Nd3 $17 39. Rb3 Ne1+ 40. Kf1 Nxf3 41. Rxf3 Rxb6) 39. Rc2 Na4 (39... Re5 $11) 40. Rc7 $16 Re1 $2 (40... Kf8 $16 {was worth a try.}) 41. Rxb7 $18 Rb1 42. Bd5 Rxb6 43. Rxf7+ Kh6 44. Ra7 Nc3 45. Bg8 {[%csl Gg8][%cal Ra7h7] [#]} g5 {and the idea ...gxh4 leaves Black hopeful.} 46. Rh7+ Kg6 47. Rc7 Nd5 $2 (47... Nb5) 48. Bh7+ Kf6 49. Ra7 $2 (49. hxg5+ $18 {and White stays clearly on top.} Kxg5 50. Rf7) 49... gxh4 $16 50. gxh4 Ke5 51. Bg8 $2 {[%mdl 8192]} (51. Kg3 $16 {stays on course.}) 51... Nf4+ $2 ({Black should try} 51... Rg6+ $19 52. Kf1 Rxg8 53. Rxa6 Rg4) 52. Kf3 $11 {[#] Threatens to win with Re7+.} Ng6 53. Bb3 Nxh4+ 54. Kg3 Nf5+ 55. Kh3 Nd4 56. Re7+ (56. Bd1 {is interesting.} Rb1 57. Bxh5 Rh1+ 58. Kg4 Rg1+ 59. Kh3) 56... Kd6 (56... Kf6 {seems wilder.} 57. Re3 Rb5 58. Rd3 Nf5 59. Rd8 Rc5) 57. Re3 Nxb3 58. axb3 {KR-KR} Kc5 59. Kh4 Kb4 60. Kxh5 {Hoping for f4.} Ka3 $2 {[%mdl 8192]} (60... Rf6 $11) 61. f4 $18 a5 62. Rf3 $2 (62. f5 $18 Kb4 63. Kg5) 62... Rxb3 $11 63. Rxb3+ Kxb3 {KP-KP} 64. f5 {f6 would kill now.} a4 65. f6 {White threatens f7 and mate.} a3 66. f7 a2 67. f8=Q {Intending Qf6 and mate.} a1=Q 68. Qb8+ Ka2 69. Qa7+ Kb1 70. Qb6+ Qb2 71. Qf2 Qc2 $2 ({Better is} 71... Qxf2 72. Kg5 Qf7 73. Kg4 Qf6 74. Kh3 Kc2 75. Kg4 Kd3 76. Kh5 Ke4 77. Kg4 Qg6+ 78. Kh3 Kf3 79. Kh4 Qh6#) 72. Qxc2+ Kxc2 {Both players deserved the win here. Accuracy: White = 80%, Black = 71%.} 1/2-1/2